| 000 | 00536nam a22001817a 4500 | ||
|---|---|---|---|
| 005 | 20251108164645.0 | ||
| 008 | 250721s2000 xx 000 0 ara d | ||
| 082 | 1 | 4 | _a658.15/خال |
| 100 | 1 | _aالراوي، خالد | |
| 245 | 1 | 0 | _aنظرية التمويل المالي / |
| 264 | 1 |
_aعمان : _bدارر المناهج للنشر، _c2000. |
|
| 300 | _a658ص | ||
| 650 | 1 | 7 | _aالتمويل الدولي |
| 650 | 1 | 7 | _aرأس المال الفعال |
| 700 | 1 | _aالرمحي، نضال | |
| 942 |
_2ddc _cBK |
||
| 999 |
_c11094 _d11094 |
||